Statistiken für Länder, die am nächsten an Belgien liegen - 1 Minute Sprint

Klicken Sie hier um das Quiz zu spielen!

Allgemein

  • Dieses Quiz wurde 84 mal gespielt
  • Das Durchschnittsergebnis liegt bei 15 aus 20

Antwortstatistiken

kmLand% Korrekt
0Deutschland
100%
0Niederlande
100%
0Luxemburg
98%
0Frankreich
95%
254Schweiz
95%
357Österreich
94%
450Dänemark
92%
80Vereinigtes
Königreich
89%
595Polen
86%
622Irland
83%
426Italien
80%
734Norwegen
76%
372Liechtenstein
74%
658Schweden
74%
404Tschechien
71%
657Monaco
56%
785Slowakei
42%
668Slowenien
41%
799San Marino
32%
731Kroatien
24%

Verteilung der Resultate

Perzentil nach korrekt beantworteten Fragen

Anzahl Personen mit jedem Resultat

Ihre Resultats-Entwicklung

Sie haben dieses Quiz noch nicht gespielt